000 00745nam a2200241 i 4500
001 6809
003 ES-MaACL
005 20231207062955.0
008 900601s1989 sp ||||1| spa d
020 _a84-7880-000-X
080 _a929 Cela, Camilo Jose
100 1 _aCela Conde, Camilo José,
_d1946-
_937340
245 1 0 _aCela, mi padre /
_cCamilo José Cela Conde.
250 _a3ª ed.
260 _aMadrid :
_bTemas de Hoy,
_c1989.
300 _a255 p., 32 p. de lam. ;
_c21 cm.
490 1 _aHombres de hoy ;
_v11
500 _aIndice onomástico.
600 1 4 _aCela, Camilo José,
_d1916-2002-
_xBiografías
_937337
830 1 _aHombres de hoy ;
_v11
_9177808
852 4 _aES-MaACL
_jL-14038
999 _c6809
_d6809